000
00293nam a2200109Ia 4500
008
200302s9999 xx 000 0 und d
100
_a
Theodore D. Walker
245
_a
Site Design and Construction Detailing 3rd ed.,
260
_b
John wiley & Sons New York
260
_c
1992
300
_a
563 P.,
999
_c
2984
_d
2984